[Event "WorldFamousSispl"]
[Site "http://www.queenalice.com/game.php?id=194962"]
[Date "2007.4.11"]
[Round "1"]
[White "gaspar_jr"]
[Black "h20"]
[Result "0-1"]
[WhiteElo "1246"]
[BlackElo "1417"]

1. e4 e5 2. Qg4 Nf6 3. Bc4 Nxg4 4. Nf3 Bc5 5. O-O Nc6 6. d3 a6 7. Bg5 f6 8. Bh4
d6 9. Nc3 Qd7 10. Nd5 b5 11. Bb3 Ne7 12. Nxe7 Qxe7 13. a4 Bd7 14. axb5 Bxb5 15.
c4 Bd7 16. Bd1 a5 17. Nd2 a4 18. b3 a3 19. Bc2 Bd4 20. Ra2 O-O 21. h3 Bc3 22.
Nf3 Nh6 23. g4 Ra5 24. g5 Nf7 25. gxf6 gxf6 26. Rb1 d5 27. cxd5 Nd6 28. Rc1 Bxh3
29. Bd1 Qg7+ 30. Bg3 f5 31. Kh2 Be1 32. Re2 f4 33. Rxe1 Bg4 34. Rg1 fxg3+ 35.
Rxg3 a2 36. Ra1 Nf5 37. Rg1 Qh6+ 38. Nh4 Qxh4+ 39. Kg2 Qh3# 0-1

[Event "Challenge"]
[Site "http://www.queenalice.com/game.php?id=195449"]
[Date "2007.4.11"]
[Round "-"]
[White "gaspar_jr"]
[Black "erichans"]
[Result "0-1"]
[WhiteElo "1273"]
[BlackElo "1622"]

1. Nf3 Nf6 2. e3 d5 3. Nc3 c5 4. Ne5 Nc6 5. Nd3 e5 6. Nxc5 Bxc5 7. Qf3 Bg4 8.
Qg3 O-O 9. f3 Bf5 10. d3 d4 11. exd4 Nxd4 12. Bh6 Nh5 13. Qxe5 Re8 14. f4 gxh6
15. O-O-O Rxe5 16. fxe5 Bb4 17. Nb5 Rc8 18. c3 Nxb5 19. d4 Qg5+ 20. Rd2 Nxc3 21.
h4 Nxa2+ 22. Kd1 Qxd2# 0-1

[Event "Outra?"]
[Site "http://www.queenalice.com/game.php?id=197866"]
[Date "2007.4.16"]
[Round "-"]
[White "erichans"]
[Black "gaspar_jr"]
[Result "1-0"]
[WhiteElo "1639"]
[BlackElo "1281"]

1. e4 e5 2. Nf3 Bd6 3. Bc4 Qf6 4. O-O h5 5. d4 exd4 6. Qxd4 Qg6 7. e5 Be7 8. c3
Nc6 9. Qd5 h4 10. Bg5 Bxg5 11. Nxg5 Qxg5 12. Qxf7+ Kd8 13. Qf8# 1-0

[Event "SISPL Challenge"]
[Site "http://www.queenalice.com/game.php?id=198736"]
[Date "2007.4.18"]
[Round "1"]
[White "gaspar_jr"]
[Black "li_pinheiro"]
[Result "0-1"]
[WhiteElo "1257"]
[BlackElo "1405"]

1. e4 d5 2. exd5 Qxd5 3. Nc3 Qd4 4. Nf3 Qf6 5. d4 Nh6 6. Bb5+ c6 7. Ba4 Qe6+ 8.
Ne5 f6 9. Qe2 fxe5 10. dxe5 Nf5 11. Bb3 Qg6 12. e6 Nd4 13. Qe5 Nxb3 14. axb3
Qxg2 15. Qe4 Qxe4+ 16. Nxe4 Bxe6 17. Ra5 Nd7 18. Bf4 O-O-O 19. O-O Bf5 20. Rxf5
Nf6 21. Ng5 e6 22. Re5 Rd7 23. Nxe6 Bd6 24. Ra5 Nd5 25. Bg5 h6 26. Bh4 b6 27.
Ra6 g5 28. Bg3 Re8 29. Nd4 Nb4 30. c3 Nxa6 31. Nxc6 Kb7 32. Nd4 h5 33. f3 Nc5
34. b4 Nd3 35. Rd1 Nxb2 36. Rd2 Nc4 37. Rc2 Bxg3 38. Ne2 Bh4 39. Nc1 Rd1+ 40.
Kg2 Ne3+ 41. Kh3 Nxc2 42. Ne2 Rxe2 43. f4 Re3+ 44. Kg2 Rd2+ 45. Kf1 Re1# 0-1

[Event "+ uma??"]
[Site "http://www.queenalice.com/game.php?id=198914"]
[Date "2007.4.18"]
[Round "-"]
[White "gaspar_jr"]
[Black "bonzinho"]
[Result "0-1"]
[WhiteElo "1270"]
[BlackElo "1299"]

1. e4 Nf6 2. Nf3 e5 3. d4 Nxe4 4. Qe2 d5 5. Nxe5 Be6 6. Qf3 c5 7. Bb5+ Nc6 8.
Nxc6 bxc6 9. Bxc6+ Ke7 10. O-O Rc8 11. Bb5 cxd4 12. Ba4 Qa5 13. b3 Rxc2 14. Ba3+
Kd8 15. Qd3 Rc7 16. b4 Qb6 17. f3 Ng5 18. f4 Ne4 19. f5 Bd7 20. Bb3 Bxb4 21.
Bxd5 Bxf5 22. Rxf5 Nc5 23. Qg3 d3 24. Qxg7 Ne6+ 25. Rf2 Nxg7 26. Kf1 Qc5 27. Be4
d2 28. Nxd2 Bxa3 29. Rb1 f5 30. Bd3 Bc1 31. Nb3 Qa3 32. Re2 Bf4 33. Kg1 Rc3 34.
Nd4 Rxd3 35. Rb8+ Kd7 36. Rxh8 Be3+ 37. Kf1 Qc1+ 38. Re1 Rd1 39. Ne2 Rxe1# 0-1

[Event "Challenge"]
[Site "http://www.queenalice.com/game.php?id=200658"]
[Date "2007.4.22"]
[Round "-"]
[White "ulisses34"]
[Black "gaspar_jr"]
[Result "1-0"]
[WhiteElo "1253"]
[BlackElo "1281"]

1. e4 e5 2. b3 Nc6 3. a4 Nb4 4. Nf3 d6 5. d3 Nf6 6. Ba3 Nc6 7. Nc3 b6 8. h3 Ba6
9. Nd5 Nxd5 10. exd5 Na5 11. h4 Qf6 12. b4 Nb7 13. b5 Bxb5 14. axb5 Nc5 15. c4
Ne6 16. Bb2 Be7 17. dxe6 Qxe6 18. Ng5 Qf5 19. g4 Qf4 20. Nh3 Qh6 21. Bg2 Rd8 22.
Rxa7 O-O 23. Rxc7 Bxh4 24. Bd5 Qf6 25. Bxf7+ Rxf7 26. Rxf7 Qxf7 27. Ba3 Qf6 28.
Bb4 Rf8 29. Rh2 h6 30. d4 e4 31. Qe2 Re8 32. Qe3 g6 33. c5 bxc5 34. Bc3 Qf7 35.
dxc5 d5 36. Qxh6 Be7 37. c6 Bc5 38. Ng5 Qf8 39. Qh7# 1-0

[Event "Again!!!"]
[Site "http://www.queenalice.com/game.php?id=203353"]
[Date "2007.4.27"]
[Round "-"]
[White "gaspar_jr"]
[Black "bonzinho"]
[Result "1-0"]
[WhiteElo "1264"]
[BlackElo "1300"]

1. Nf3 d5 2. d4 Bf5 3. Nc3 Nf6 4. Nh4 Bg4 5. Qd3 e6 6. Qb5+ c6 7. Qa4 Bd6 8. f3
Bf5 9. g4 Bg6 10. g5 Nh5 11. Bh3 Qxg5 12. Bxg5 h6 13. Bd2 O-O 14. Nxg6 fxg6 15.
Bxe6+ Kh8 16. Rg1 Nf4 17. e3 Nxe6 18. Rxg6 Rxf3 19. Rxe6 Bxh2 20. O-O-O h5 21.
Rh1 Rf2 22. Nd1 Rg2 23. Qb3 Rg1 24. Rxh2 Rg5 25. Qxb7 Nd7 26. Qxa8+ Kh7 27. e4
Nf6 28. Bxg5 Kg6 29. Bxf6 gxf6 30. e5 Kg5 31. Qf8 h4 32. Qxf6+ Kg4 33. Qf2 h3
34. Ne3+ Kg5 35. Rxh3 c5 36. Qf3 cxd4 37. Rh5# 1-0

[Event "WorldFamousSispl"]
[Site "http://www.queenalice.com/game.php?id=208543"]
[Date "2007.5.9"]
[Round "2"]
[White "gaspar_jr"]
[Black "marvin"]
[Result "0-1"]
[WhiteElo "1291"]
[BlackElo "1369"]

1. Nf3 d5 2. d4 e6 3. Bg5 f6 4. Bh4 g5 5. Bg3 Nc6 6. Qd2 h5 7. h4 g4 8. Nh2 Bh6
9. e3 a5 10. Bb5 Ne7 11. Nc3 Bd7 12. Na4 Nxd4 13. Bxd7+ Qxd7 14. Qxd4 e5 15. Qc3
Qxa4 16. b3 Qc6 17. Qd3 e4 18. Qd4 Nf5 19. Qb2 O-O 20. O-O b5 21. a4 bxa4 22.
Rxa4 Rfb8 23. Rc4 dxc4 24. f3 Nxg3 25. fxg4 Nxf1 26. Nxf1 hxg4 27. Ng3 Bxe3+ 28.
Kh1 cxb3 29. cxb3 a4 30. Nf5 Rxb3 31. Qa1 Rab8 32. Ne7+ Kg7 33. Nxc6 Rb1+ 34.
Qxb1 Rxb1+ 35. Kh2 Bf4+ 36. g3 Rb2+ 37. Kg1 Bxg3 38. Nd4 e3 39. Nf5+ Kg6 40.
Nxg3 a3 41. h5+ Kg5 42. h6 Kxh6 43. Nf5+ Kg5 44. Nxe3 a2 45. Ng2 a1=Q+ 46. Kh2
Rxg2+ 47. Kxg2 Qe1 48. Kh2 g3+ 0-1

[Event "SISPL Challenge"]
[Site "http://www.queenalice.com/game.php?id=211005"]
[Date "2007.5.15"]
[Round "3"]
[White "groo"]
[Black "gaspar_jr"]
[Result "1-0"]
[WhiteElo "1459"]
[BlackElo "1263"]

1. e4 e5 2. Bc4 Bc5 3. Qh5 Nh6 4. Qxe5+ Qe7 5. Qxg7 Qf8 6. Qg3 Bd6 7. Qd3 Rg8 8.
Qf3 Rg4 9. Ne2 Qg8 10. O-O Rh4 11. h3 Ng4 12. d4 Nh2 13. Qf6 Qg6 14. Qxh4 f6 15.
Rd1 Nc6 16. f4 Qxe4 17. Kxh2 Be7 18. Bd3 Qd5 19. Nbc3 Qd6 20. Nb5 Qe6 21. Nxc7+
Kd8 22. Nxe6+ dxe6 23. Bb5 Bd7 24. Qxh7 Kc7 25. Bxc6 Kxc6 26. Qxe7 Re8 27. Qc5#
1-0

[Event "De novo"]
[Site "http://www.queenalice.com/game.php?id=213048"]
[Date "2007.5.19"]
[Round "-"]
[White "gaspar_jr"]
[Black "bonzinho"]
[Result "0-1"]
[WhiteElo "1255"]
[BlackElo "1325"]

1. e4 d5 2. Nc3 d4 3. Nd5 e6 4. Nf4 e5 5. Nd5 Nf6 6. Bc4 Nxe4 7. Qh5 Nd6 8.
Qxe5+ Be6 9. Bb3 Nc6 10. Qf4 Nf5 11. Nxc7+ Ke7 12. Nxa8 Qxa8 13. Qe4 Nb4 14. a3
Nd6 15. Qxd4 Nxc2+ 16. Kd1 Nxa1 17. Ba4 b5 18. Bc2 Qxg2 19. Be4 Nxe4 20. f3 Qxh1
21. fxe4 Bg4+ 22. Ke1 Nc2+ 23. Kf1 Nxd4 24. d3 Ne2 25. Bg5+ Ke6 26. Be3 Bd6 27.
Bf2 Bxh2 28. Ke1 Bxg1 29. Kd2 Bxf2 30. Kc2 Rc8+ 31. Kb3 Nd4+ 32. Kb4 Qe1# 0-1

[Event "Challenge"]
[Site "http://www.queenalice.com/game.php?id=214651"]
[Date "2007.5.22"]
[Round "-"]
[White "vania"]
[Black "gaspar_jr"]
[Result "1-0"]
[WhiteElo "1332"]
[BlackElo "1223"]

1. e4 e5 2. h4 Nf6 3. g4 Nxe4 4. d3 Nc5 5. b4 Na4 6. Qe2 Bxb4+ 7. c3 Bc5 8. Qd1
Qf6 9. Nh3 Qxh4 10. d4 exd4 11. cxd4 Bb4+ 12. Bd2 Nc6 13. Qxa4 Qxg4 14. Be2 Qg2
15. Rg1 Qxh3 16. d5 1-0

[Event "Challenge"]
[Site "http://www.queenalice.com/game.php?id=214652"]
[Date "2007.5.22"]
[Round "-"]
[White "gaspar_jr"]
[Black "mp3"]
[Result "0-1"]
[WhiteElo "1278"]
[BlackElo "1436"]

1. e4 c5 2. Bc4 d6 3. Qh5 Nf6 4. Qxf7+ Kd7 5. Nf3 Nxe4 6. O-O Qe8 7. Qf5+ Kd8 8.
Qxe4 Bd7 9. Ng5 Bc6 10. Qf5 Nd7 11. Nf7+ Kc7 12. Nxh8 g6 13. Nf7 gxf5 14. Be6
Ne5 15. Nxe5 dxe5 16. Re1 e4 17. Bxf5 Qf7 18. Bg4 e5 19. Nc3 Qf4 20. Bh3 Bd7 21.
Rxe4 Qg5 22. d3 Qh5 23. Nd5+ Kd8 24. Re1 Bxh3 25. gxh3 Qxh3 26. Bg5+ Kd7 27.
Nf6+ Ke6 28. Ne4 h6 29. Bf6 b6 30. b3 a5 0-1

[Event "Challenge"]
[Site "http://www.queenalice.com/game.php?id=214653"]
[Date "2007.5.22"]
[Round "-"]
[White "gaspar_jr"]
[Black "mogerio"]
[Result "0-1"]
[WhiteElo "1261"]
[BlackElo "1328"]

1. e4 e5 2. Bc4 Nf6 3. Nf3 d6 4. Ng5 Be7 5. Nxf7 Qd7 6. Nxh8 Qc6 7. Qe2 d5 8.
exd5 Qd7 9. d3 Na6 10. Nc3 Ng4 11. Bb5 c6 12. dxc6 bxc6 13. Ba4 Nb4 14. h3 Nf6
15. O-O Bd6 16. d4 e4 17. Bb3 g5 0-1

[Event "Challenge"]
[Site "http://www.queenalice.com/game.php?id=214656"]
[Date "2007.5.22"]
[Round "-"]
[White "gaspar_jr"]
[Black "li_pinheiro"]
[Result "1-0"]
[WhiteElo "1244"]
[BlackElo "1387"]

1. e4 d5 2. Nc3 f5 3. Qh5+ g6 4. Qg5 d4 5. Nb5 Bh6 6. Qg3 fxe4 7. Nxc7+ Kd7 8.
Qe5 Qxc7 9. Qxh8 Nf6 10. Bb5+ Nc6 11. d3 b6 12. Bxh6 Bb7 13. Qg7 a6 14. Bc4 Na5
15. b3 e3 16. fxe3 Bxg2 17. Bf4 Qc6 18. Be5 Bxh1 19. Bxf6 Qg2 20. Qxe7+ Kc6 21.
Qe6+ Kc5 22. Be7# 1-0

[Event "Challenge"]
[Site "http://www.queenalice.com/game.php?id=214657"]
[Date "2007.5.22"]
[Round "-"]
[White "gaspar_jr"]
[Black "erichans"]
[Result "0-1"]
[WhiteElo "1274"]
[BlackElo "1857"]

1. e4 c5 2. Qh5 e6 3. Nf3 Nf6 4. Qe5 Nc6 5. Qc3 Nxe4 6. Qe3 d5 7. Bb5 Bd7 8. d3
Qa5+ 9. Nc3 Nxc3 10. bxc3 Qxc3+ 11. Qd2 Qxa1 12. O-O Qf6 13. Qf4 Qxf4 14. Bxf4
Be7 15. Bc7 O-O 16. Re1 Rac8 17. Bf4 a6 18. Ba4 b5 19. Bb3 c4 20. dxc4 dxc4 21.
Rd1 Rfd8 22. c3 cxb3 23. axb3 Bf6 24. Rd3 e5 25. Nxe5 Nxe5 26. Rd6 Ng6 27. Be3
Rxc3 28. h3 Rxb3 29. Rxa6 Be5 30. Bg5 Rb1+ 31. Bc1 Rxc1# 0-1

[Event "Challenge"]
[Site "http://www.queenalice.com/game.php?id=215112"]
[Date "2007.5.23"]
[Round "-"]
[White "samueneotaviano"]
[Black "gaspar_jr"]
[Result "1/2-1/2"]
[WhiteElo "1188"]
[BlackElo "1291"]

1. c3 e5 2. e4 Bc5 3. b4 Bb6 4. g3 Qf6 5. Qf3 Qe6 6. h4 Nf6 7. Bh3 Qc4 8. Bf1
Qc6 9. a4 Nxe4 10. Nh3 d6 11. a5 Bxf2+ 12. Nxf2 Be6 13. Nxe4 d5 14. Ng5 Rf8 15.
Nxh7 Rh8 16. Ng5 Rh6 17. g4 Rf6 18. Qd3 Bxg4 19. Qh7 Kd8 20. Qxg7 Nd7 21. Nxf7+
Ke7 22. Nh8+ Ke6 23. Qxg4+ Ke7 24. Qg7+ Ke6 25. Qg4+ Ke7 26. Qg7+ Ke6 27. Qg4+
1/2-1/2

[Event "Again"]
[Site "http://www.queenalice.com/game.php?id=218057"]
[Date "2007.5.29"]
[Round "-"]
[White "gaspar_jr"]
[Black "bonzinho"]
[Result "1-0"]
[WhiteElo "1272"]
[BlackElo "1339"]

1. e4 d5 2. Nc3 d4 3. Nd5 Nf6 4. Bc4 Nxe4 5. Qe2 Bf5 6. Qf3 e6 7. Nf4 Nc6 8. d3
Nb4 9. Qe2 Nd6 10. Bb3 Qd7 11. Qe5 Qc6 12. Qxd4 Nxc2+ 13. Bxc2 Qxc2 14. Bd2 e5
15. Qxe5+ Be6 16. Nge2 O-O-O 17. O-O Qxd2 18. a3 Re8 19. Rad1 Qc2 20. Rc1 Bb3
21. Qa5 Qxb2 22. Qxc7# 1-0

[Event "TÔ COM RAIVA"]
[Site "http://www.queenalice.com/game.php?id=218973"]
[Date "2007.5.31"]
[Round "-"]
[White "gaspar_jr"]
[Black "bonzinho"]
[Result "0-1"]
[WhiteElo "1304"]
[BlackElo "1376"]

1. e4 d5 2. Nc3 d4 3. Nd5 c6 4. Nb4 c5 5. Nd5 e6 6. Nf4 e5 7. Nd5 Nf6 8. Bb5+
Nfd7 9. Nf3 Bd6 10. d3 O-O 11. Ng5 h6 12. Nh3 Nb6 13. Qh5 a6 14. Bxh6 gxh6 15.
Qxh6 Nxd5 16. Ng5 Nf6 17. Bc4 Qe8 18. Bxf7+ Rxf7 19. Qg6+ Kf8 20. h4 Ke7 21. Qf5
Bxf5 22. exf5 Rg7 23. Ne6 Rxg2 24. O-O-O Rxf2 25. Ng7 Qf7 26. Ne6 Rxf5 27. Ng5
Qg6 28. Rd2 Ng4 29. Ne4 Bc7 30. Nxc5 Nf2 31. Rh2 b6 32. Nb3 Qg1+ 33. Rd1 Nxd1
34. Kd2 Qxh2+ 35. Kxd1 Rf1# 0-1

[Event "Challenge"]
[Site "http://www.queenalice.com/game.php?id=219103"]
[Date "2007.6.1"]
[Round "-"]
[White "farofa38"]
[Black "gaspar_jr"]
[Result "1-0"]
[WhiteElo "1483"]
[BlackElo "1268"]

1. e4 d5 2. f3 e5 3. c4 dxc4 4. Bxc4 Qd4 5. d3 Be7 6. f4 Nc6 7. a3 Bh4+ 8. g3
Bf6 9. Nf3 Qc5 10. b4 Qb6 11. Nc3 exf4 12. Nd5 Bg4 13. Nxb6 axb6 14. e5 Bxe5 15.
gxf4 Bxa1 16. Qe2+ Nge7 17. Rg1 Bh5 18. b5 Na5 19. f5 O-O 20. f6 Bxf6 21. Qg2
1-0